01411cam a22003615a 45000010009000000050017000090080041000260200018000670400033000850820020001182450140001382500012002782600043002903000043003335000026003765000029004025040041004316500037004726500019005096500050005286500041005786500051006196510010006706530019006806550024006997000030007237000034007537000038007877000029008259420020008549990017008749520158008911697349420150524133335.0110921t2012 moua frbd 001 0 eng d a9780323078917 aDNLM/DLCbengcDLCdEG-ScBUE04a616.07bUND22200aUnderstanding pathophysiology /c[edited by] Sue E. Huether, Kathryn L. McCance ; section editors, Valentina L. Brashers, Neal S. Rote. a5th ed. aMissouri :bMosby / Elsevier,cc.2012. axxiv, 1159 p. :bill. (col.) ;c28 cm. aIndex : p. 1100-1159. aGlossary : p. 1085-1099. aIncludes bibliographical references. 0aPhysiology, Pathological.2BUEsh 0aNurses.2BUEsh12aPathologyvNurses' Instruction.2BUEsh93670622aDiseasevNurses' Instruction.2BUEsh22aPhysiologyvNurses' Instruction.2BUEsh937660 2BUEsh bPPhrmcMay2015 vreading book9342321 aHuether, Sue E.,eeditor.1 aMcCance, Kathryn L.,eeditor.1 aBrashers, Valentina L., eeditor.1 aRote, Neal S., eeditor. 2ddck616.07 UND c19416d19388 00102ddc40708BaccahaMAINbMAINc1STd2015-05-24epurchaseg671.00h22353l11m30o616.07 UNDp000038298r2025-07-15 00:00:00s2020-03-09v839.00yBB